000 00360nam a2200145Ia 4500
008 090124s9999 xx 000 0 und d
082 _b305272
245 _a व्हीनस
250 _a1
260 _bलागू चिंतामणी
_c2005
300 _a156
630 _a व्हीनस
730 _a व्हीनस
942 _cBOOK
999 _c195250
_d195250